Регионална библиотека "Любен Каравелов" - Русе

An introduction to illustration (Запис номер 41115)

MARC детайли
000 -Лидер
Контролно поле с фиксирана дължина 00985nam a2200337 c 4500
003 - Код на организацията, давaща контролен номер
Контролно поле BLK
005 - Дата и час на последна редакция
Контролно поле 20200429113809.0
008 - Елементи от данни с фиксирана дължина
fixed length control field 180408b bul|||||r ||||||| ||bul||
010 ## - Наследен системен номер
LC control number KNG00044655000
020 ## - Международен стандартен номер на книга ISBN
Международен стандартен номер на книга ISBN 1-85627-895-6
040 ## - Източник на каталожния запис
Идентификатор на билиотеката - собственик на записа BLK
041 ## - Код за език
Код за езика на текст/звукозапис или на отделно заглавие Английски
Код за езика КДБФ Английски
080 ## - УДК
Текстов определител УДК Живопис
УДК код - определител по УДК 75
УДК определител .056
УДК - код + определител 75.056
080 ## - УДК
Текстов определител УДК Живопис
УДК код - определител по УДК 75
УДК определител .02
УДК - код + определител 75.02
100 1# - Редна дума - Автор
Автор Lewis, Brian
Авторска отговорност първи автор
R(LIN) 277544
139 ## - Редно поле
Редна дума Lewis, Brian
Авторски знак Лев - Л 35
Filing suffix L 63 B
Feature heading Л 35 Б
245 10 - Сведения за заглавието
Заглавие An introduction to illustration
Редно поле (дума) Brian Lewis.
257 ## - Страна на издаване
Страна на създаване/издаване Великобритания
260 ## - Област на издателските данни
Име на издателя, разпространителя и проч. Grande Books
Година на издаване 1995
300 ## - Физическа характеристика
Страници 128 c
Илюстрации и др. с ил.
Размери/Мащаб 28 см
380 ## - Жанр
Жанр Изкуство
500 ## - Общи забележки
Забележка Аз покозолец.
650 #4 - Допълнително описание по предмет – тема
Основно описание – тема или топоним Илюстрации - на книги
9 (RLIN) 252328
653 ## - Ключова дума – ненормативна
Ключова дума илюстрации
653 ## - Ключова дума – ненормативна
Ключова дума рисуване
700 ## - Други автори (авторска отговорност)
9 (RLIN) 408261
Лично име Леви, Браън
Автороска отговорност (Описва отношението между автора и произведението) първи автор
852 ## - Местоположение
Форматна сигнатура Цб ІІ 9635
Систематично-азбучна сигнатура 75/Л 35 Б
856 4# - Електронен адрес и достъп
Електронен формат pdf - файл
856 4# - Електронен адрес и достъп
Електронен формат pdf - файл
999 ## - СИСТЕМНИ КОНТРОЛНИ НОМЕРА
Koha biblionumber 41115
Koha biblioitemnumber 41115
942 ## - АРТИКУЛИ
Вид на библиотечния материал Книги
Скрит в OPAC Не
Периодичен библиозапис Да
944 ## - СЪЗДАВАНЕ И РЕДАКЦИЯ на ЗАПИСА
Създаване/Редакция Създаване
Дата на регистрацията/редакция 01.01.1999
Служител, извършил регистрацията/редакцията Ирена_Линкова
944 ## - СЪЗДАВАНЕ И РЕДАКЦИЯ на ЗАПИСА
Създаване/Редакция Редакция
Дата на регистрацията/редакция 24.03.2014
999 ## - СИСТЕМНИ КОНТРОЛНИ НОМЕРА
Koha biblioitemnumber 41115
999 ## - СИСТЕМНИ КОНТРОЛНИ НОМЕРА
Koha biblioitemnumber 41115
Наличности
Код за отписване Код за изгубен артикул Източник на класификационната схема Код за повреда Коз за рестрикции Код за отдаване Артикулен № Име на библиотеката - собственик Име на библиотеката, в която се намира в момента Статус (Текущо местоположение) Дата на вписване в системата Местоположение - отдел Цена в лева Инвентарен номер Систематично азбучна сигнатура Баркод Номер на екземпляра Цена в евро Служебна бележка Служебен тип на артикула
  Не е изгубен Universal Decimal Classification Не е повреден без рестрикции заемане за дома 64437 Регионална библиотека "Любен Каравелов" Русе Регионална библиотека "Любен Каравелов" Русе Отдел Изкуство - подръчен фонд 2001-01-01 Отдел Изкуство - подръчен фонд 25.00 637870 75/Л 35 Б 120000637870 1 12.78 Дата инв: 07.06.2012 Бележки инв: * Книги
Vip Innovations Ltd, Rousse, Bulgaria 2025